Statistiche per Città di Province italiane anagrammate

Clicka qui per fare il quiz!

Statistiche generali

  • Questo quiz è stato fatto 7.538 volte
  • Il punteggio medio è 11 su 15

Statistiche sulle risposte

Risposte
% Corretto
Pisa
98%
Como
97%
Enna
96%
L'Aquila
95%
Pavia
95%
Padova
94%
Parma
94%
Roma
94%
Bari
93%
Forlì
93%
Lecce
91%
Ferrara
90%
Lecco
90%
Lodi
90%
Rimini
90%
Monza
89%
Asti
88%
Chieti
88%
Lucca
87%
Torino
87%
Firenze
86%
Massa
86%
Foggia
85%
Genova
85%
Bolzano
84%
Nuoro
84%
Mantova
83%
Milano
83%
Rieti
83%
Terni
83%
Bologna
82%
Brindisi
82%
Fermo
82%
Sassari
82%
Cuneo
81%
Aosta
80%
Benevento
79%
Napoli
79%
Rovigo
79%
Viterbo
79%
Carrara
78%
Prato
78%
Savona
78%
Siena
78%
Udine
78%
Venezia
78%
Caltanissetta
76%
Catanzaro
76%
Modena
76%
Ragusa
76%
Varese
76%
Catania
75%
Vicenza
75%
Arezzo
74%
Matera
74%
Ravenna
74%
Trento
74%
Verona
74%
Cesena
73%
Livorno
73%
Bergamo
72%
Ancona
71%
Palermo
71%
Belluno
70%
Pordenone
70%
Trani
70%
Campobasso
69%
Taranto
69%
Potenza
68%
Trieste
68%
Cagliari
67%
Cosenza
67%
Messina
67%
Perugia
67%
Novara
66%
Alessandria
65%
Gorizia
64%
Trapani
64%
Pescara
63%
Latina
62%
Macerata
62%
Siracusa
62%
Vercelli
62%
Biella
61%
Pistoia
60%
Frosinone
59%
Teramo
59%
Caserta
58%
Salerno
57%
Barletta
56%
Grosseto
56%
La Spezia
56%
Piacenza
56%
Sondrio
56%
Treviso
56%
Urbino
55%
Pesaro
54%
Cremona
53%
Crotone
50%
Andria
49%
Brescia
49%
Verbania
46%
Vibo Valentia
44%
Reggio Emilia
43%
Agrigento
42%
Imperia
40%
Isernia
39%
Reggio Calabria
37%
Avellino
36%
Ascoli Piceno
28%
Oristano
28%

Distribuzione punteggi

Percentile per numero di risposta

Percentuale di utenti per punteggio

I tuoi punteggi nel tempo

Non hai fatto questo quiz